|
|
|
|
| LEADER |
00000cam a2200000 7i4500 |
| 001 |
0000002108 |
| 005 |
20021015.0 |
| 020 |
0 |
0 |
|a 3980681300
|
| 090 |
0 |
0 |
|a R597.8
|b AMP 1999
|
| 245 |
0 |
0 |
|a AMPHIBIANS and reptiles of Peninsular Malaysia and Thailand :
|b an illustrated checklist .
|l amphibien und reptilien der Halbinsel Malaysia und Thailands :
|b eine illustrierte checkliste
|c contributed by Tanya Cahn-Ard
|
| 260 |
0 |
0 |
|a Wuerselen, Germany :
|b Bushmaster Pub. ,
|c 1999
|
| 300 |
|
|
|a 240 p. :
|b col. ill. ;
|c 30 cm.
|
| 500 |
0 |
0 |
|a Bibliography : p. 234-240
|
| 650 |
0 |
0 |
|a Amphibians
|z Peninsular Malaysia
|
| 650 |
0 |
0 |
|a Amphibians
|z Thailand
|
| 650 |
0 |
0 |
|a Reptiles
|z Peninsular Malaysia
|
| 650 |
0 |
0 |
|a Reptiles
|z Thailand
|
| 700 |
0 |
1 |
|a Chan-Ard
|h Tanya
|
| 998 |
|
|
|a JPSM
|
| 999 |
|
|
|a 0000003441
|b Monograph
|c Reference
|e Default branch
|